[Event "San Giorgio m rap"]
[Site "San Giorgio"]
[Date "1995.??.??"]
[Round "3"]
[White "Tiviakov, Sergei"]
[Black "Karpov, Anatoly"]
[Result "1-0"]
[WhiteElo "2655"]
[BlackElo "2775"]
[PlyCount "111"]
[EventDate "1995.??.??"]
[EventType "match"]
[EventRounds "3"]
[EventCountry "ITA"]
[SourceTitle "EXT 1998"]
[Source "ChessBase"]
[SourceDate "1997.11.17"]
[SourceVersion "1"]
[SourceVersionDate "1997.11.17"]
[SourceQuality "1"]

1. e4 c6 2. d4 d5 3. Nd2 dxe4 4. Nxe4 Nd7 5. Nf3 Ngf6 6. Ng3 e6 7. Bd3 c5 8.
O-O Be7 9. b3 O-O 10. Bb2 b6 11. c4 Bb7 12. Qe2 Re8 13. dxc5 Nxc5 14. Bc2 Qc7
15. Ne5 Rad8 16. b4 Ncd7 17. Ba4 Bxb4 18. Nxd7 Nxd7 19. Bxg7 Kxg7 20. Qb2+ Qe5
21. Qxb4 Rg8 22. Rae1 Qc5 23. Qc3+ Nf6 24. Rd1 h5 25. Rfe1 h4 26. Ne4 Bxe4 27.
Rxe4 Qg5 28. g3 hxg3 29. hxg3 Rh8 30. Rxd8 Rxd8 31. Kg2 Kf8 32. Rf4 Ke7 33. Bc2
a5 34. Qb2 Rd6 35. Ba4 e5 36. c5 bxc5 37. Qb7+ Kf8 38. Qb8+ Ke7 39. Qc7+ Rd7
40. Qxc5+ Rd6 41. Qc7+ Rd7 42. Qc5+ Rd6 43. Rf3 Qh5 44. Rxf6 Kxf6 45. Qxd6+ Kg7
46. Bb3 Qf5 47. Qd5 f6 48. Bc4 Kh6 49. Bd3 Qg4 50. Qxa5 Qd4 51. Qd2+ Kg7 52.
Qe3 Qd5+ 53. Qe4 Qxa2 54. Qg6+ Kf8 55. Qxf6+ Kg8 56. Qxe5 1-0

[Event "Groningen Festival"]
[Site "Groningen"]
[Date "1998.12.20"]
[Round "1"]
[White "Tiviakov, Sergei"]
[Black "Almasi, Zoltan"]
[Result "1-0"]
[WhiteElo "2655"]
[BlackElo "2650"]
[Annotator "Tiviakov,S"]
[PlyCount "77"]
[EventDate "1998.12.20"]
[EventType "tourn"]
[EventRounds "10"]
[EventCountry "NED"]
[EventCategory "16"]
[SourceTitle "CBM 069"]
[Source "ChessBase"]
[SourceDate "1999.04.01"]
[SourceVersion "1"]
[SourceVersionDate "1999.04.01"]
[SourceQuality "1"]

{[This game from the 1st round of the tournament was of great importance for
my overall success in the event, allowing to take the lead in the tournament
from the very beginning.]} 1. e4 e5 2. Nf3 Nc6 3. Bb5 a6 4. Ba4 Nf6 5. O-O {
[This move came as a complete surprise for my opponent, who had been prepared
only against 5.Qe2, the move almost always played by the author recently. 2
rounds later 5.Qe2 has been played by me against J.Piket, also bringing the
opening advantage to the author.]} Be7 6. Qe2 b5 7. Bb3 O-O 8. c3 d6 {[Clearly,
8...d5 is the strongest move in the position.]} 9. Rd1 Na5 10. Bc2 c5 11. d4
Qc7 12. d5 {[The arisen position, which has been played by the author several
times before, is very complex.]} c4 $6 {[After this move Black runs into
serious problems.} (12... Bg4) (12... Nc4) (12... Ne8 {and}) (12... Bd7 {
have been also tried here before. I would have preferred 12...Bd7, after which
White advantage is only marginal.}) 13. b4 $1 cxb3 {[After} (13... Nb7 14. a4
$16 {White closes the queen's side, freeing the hands for the play on the
opposite side of the board.}) 14. axb3 Bg4 (14... Nb7 {and}) (14... Bd7 {
have been also played here before, although White has the upper hand after
both of them.}) 15. h3 Bh5 (15... Bxf3 16. Qxf3 $16 {can't be recommended.})
16. Bb2 {[After my very first game with this line, I was very satisfied with
that move. Now I think 16.Bd2, followed by 17.Be1 and 18.Nbd2, can be even
stronger, since the bishop on e1 is better placed than the one on b2. The
bishop on e1 will forever stop the possible counter-play by Black with the
advance b5-b4, while it can be also useful for the defence of the White king,
covering the squares f2 and g3. For a good example, please look at the
following game.} (16. Bd2 $5 Nd7 17. Be1 Bg6 18. Nbd2 Nb7 19. g4 Rfc8 20. Ra2
$16 {White advantage is great. It is easily being converted into a point.} Nbc5
21. Nf1 a5 22. Rda1 Qb6 23. b4 Nb7 24. Bd3 Nf6 25. Ng3 $18 {(><b5)} h5 26. Nh4
hxg4 27. Nxg6 fxg6 28. hxg4 Nh7 29. Bxb5 Ng5 30. Kg2 Rf8 31. Bc6 Qc7 32. Bxb7
Qxb7 33. Rxa5 Rxa5 34. bxa5 Qd7 35. a6 Kh7 36. Bd2 Nf3 37. Qxf3 Rxf3 38. Kxf3
Qc8 39. a7 Qa8 40. Be3 Bd8 41. Ra6 Bg5 42. Bxg5 Qc8 43. Rc6 Qe8 44. Be3 g5 45.
Kg2 g6 46. Ne2 Kh6 47. Ng1 Qf8 48. Nf3 {1-0 Katalymov,Boris N-Varavin,Viktor/
Alma-Ata (Kazakhstan) 1995}) 16... Rfb8 $146 {[A new move.} (16... Nd7 {
is answered by} 17. g4 $5 Bg6 18. Rc1 $5 $16 {, followed by Nbd2-f1-e3 with
advantage.}) (16... Rfc8 {took place in the game Tiviakov - Khalifman,
Belgrade (Yugoslavia) 1993. After} 17. Rc1 $1 $16 {(preparing the transfer of
the knight b1 to g3)} Qb6 {(after 17...Nd7 18.g4!? (18.Nbd2,planning to meet
18...Bg5 by 19.g4, is also possible) 18...Bg6 19.Nbd2 White is also better.)}
18. Nbd2 Nd7 {(after 18...b4 19.cxb4 Qxb4 20.Ra4!? Qb6 (or 20...Qb5 21.Bd3
Rxc1+ 22.Bxc1 and the pawn a6 is very weak.) 21.b4 Nb7 22.Bd3 White keeps the
advantage as well, since the pawn on a6 is very vulnerable.)} 19. Nf1 b4 $5 (
19... Bg5 20. Rcb1 $16) 20. cxb4 Qxb4 21. Qd2 $1 Qxd2 22. N1xd2 $16 Nb7 {
White could have got the large adavntage after} 23. b4 {(threatening 24.Ba4)}
Nb6 24. Bd3 $16 {and if} Rxc1+ 25. Bxc1 a5 {, then} 26. Bb5 {.}) (16... Bg6 $5
{, planning to create the counter-play on the king's side after Nh5 and f5,
looks very attractive. It was missed by me in the annotations to the game with
Khalifman, published in the Chess Informant #59. The idea of the move lies in
the desire to prevent the immediate development of the knight b1. 17.Nbd2??
loses the pawn after 17...Nd5. And if} 17. Nh4 {instead, then Black plays} Bh5
(17... Nh5 $6 {is worse. After} 18. Nxg6 fxg6 19. g3 $16 {, followed by Kg2
and Rf1, White has the large advantage.}) 18. g4 (18. Nf3 Bg6) 18... Bg6 $13 {
with unclear chances, threatening 19...Bxe4 20.Bxe4 Nxe4 (the knight on h4 is
hanging).}) 17. Rc1 {[White has to make this move, preparing the transfer
Nb1-d2-f1-g3, since immediate 17.Nbd2 is met by 17...b4.]} Bxf3 $5 {
[Exchanging the bishop, Black tries to make his dark-squared bishop active.
After} (17... Nd7 18. g4 (18. Nbd2 $5 {is interesting and if} Bg5 {then} 19. g4
$16 {follows.}) 18... Bg6 19. Nbd2 $16 {White is better.}) 18. Qxf3 Nd7 19. Qg4
$1 {[White must try to prevent the activation of the bishop. After} (19. Nd2
Bg5 20. Qe2 $14 {and}) (19. Na3 Bg5 20. Rcb1 Nb6 $14 {Black can successfully
defend the position.}) 19... h6 $6 {[Probably, the decisive mistake, after
which Black doesn't have any counter-play.} (19... Qd8 {, moving away the
queen from the 'c' file and preparing Be7-g5, or}) (19... Nf6 20. Qe2 Nd7 {
, followed by 21...Bg5, were both better, although in comparison with the
variation 19.Nd2 Bg5 20.Qe2, here White has an extra tempo.}) 20. h4 $1 $16 {
[Now with the black bishop locked on e7, White can now start the realisation
of the following plan: Nbd2, Bd3, b4, c4 etc. Please, note that} (20. Rxa5 $4 {
is not possible because of} Nf6 {, winning the rook on the next move.}) 20...
Nf6 (20... b4 21. cxb4 Rxb4 {can be met by} 22. Ba3 $5 {and b4.}) 21. Qe2 h5
22. Nd2 Ng4 23. g3 Bd8 24. Kg2 {[Planning to play f3, b4, Bd3, c4 or b4, Bd3,
c4 without the inclusion of f2-f3.} (24. f3 $5 $16 {is also possible and if}
Qa7+ {, then} (24... Qb6+ 25. Kh1 Ne3 26. Bd3 {is similar to 24...Qa7+}) 25.
Kh1 Ne3 26. Bd3 {with advantage.}) 24... Qa7 $138 {[By this move my opponent
has started experiencing the problems with the time, thus making White's life
much more easier.]} 25. b4 Nc4 $5 {[Or} (25... Nb7 26. Bd3 {, targeting the
pawn b5.}) 26. Nxc4 bxc4 27. Rf1 $1 (27. Ba4 Bb6 28. Rf1 Rf8 {and f7-f5
unnecessarily gives Black some counter-play.}) 27... Bb6 28. Bc1 {[Now White
has 2 threats: to transfer the bishop to c6 via a4 or to win the c4 pawn
immediately after 29.f3 Ne3+ 30.Bxe3 Bxe3 31.Qc4.]} Qc7 (28... Rc8 {is met by}
29. Ba4 {.}) 29. f3 Nf6 30. Ba4 $18 {[Now Black loses the pawn c4.]} a5 31. Bc6
Ra7 32. Qxc4 (32. b5 $5 {and Qc4 was also possible.}) 32... axb4 33. Rxa7 Qxa7
(33... Bxa7 34. cxb4 $18 {is hopeless as well.}) 34. cxb4 Bd4 35. Bd2 Qa3 36.
Rb1 $1 g6 37. b5 Kg7 $6 {[The final mistake, losing by force.]} 38. Bb4 Qe3 {
[Or} (38... Qa4 39. Qb3 {.}) 39. Qc2 $1 {[Black resigned since he is not able
to defend the pawn d6 and prevent one of the following moves: 40.Qd2 or 40.Re1.
]} 1-0

[Event "NED-chT 0405 playoff"]
[Site "Enschede"]
[Date "2005.05.05"]
[Round "1.1"]
[White "Tiviakov, Sergei"]
[Black "Van Wely, Loek"]
[Result "1-0"]
[WhiteElo "2631"]
[BlackElo "2687"]
[PlyCount "147"]
[EventDate "2005.05.05"]
[EventType "team-k.o."]
[EventRounds "2"]
[EventCountry "NED"]
[SourceTitle "EXT 2006"]
[Source "ChessBase"]
[SourceDate "2005.11.24"]
[SourceVersion "1"]
[SourceVersionDate "2005.11.24"]
[SourceQuality "1"]
[WhiteTeam "Groningen Hotels"]
[BlackTeam "Hilversum HSG"]
[WhiteTeamCountry "NED"]
[BlackTeamCountry "NED"]

1. e4 c5 2. c3 Nf6 3. e5 Nd5 4. Nf3 Nc6 5. Bc4 Nb6 6. Bb3 c4 7. Bc2 Qc7 8. Qe2
g5 9. e6 dxe6 10. Nxg5 Qe5 11. d4 cxd3 12. Bxd3 Qxe2+ 13. Bxe2 h6 14. Ne4 e5
15. Ng3 e6 16. O-O f5 17. Rd1 Bd7 18. Nh5 Be7 19. Nd2 Rd8 20. Nc4 Nxc4 21. Bxc4
Kf7 22. Bd2 Na5 23. Be2 b5 24. b3 Nb7 25. f4 Bc5+ 26. Kf1 e4 27. Be1 a5 28. Bh4
Be7 29. Bxe7 Kxe7 30. g4 Bc6 31. gxf5 exf5 32. Kf2 Nc5 33. Ke3 Ne6 34. Ng3 Ng7
35. c4 bxc4 36. Bxc4 Rxd1 37. Rxd1 Rc8 38. Rg1 Kf6 39. Ne2 a4 40. Nc3 axb3 41.
axb3 Ra8 42. Rg2 Ra1 43. Ra2 Rxa2 44. Nxa2 Bd7 45. Be2 Be6 46. Bd1 Bf7 47. Nc3
Ke7 48. b4 Kd6 49. Nb5+ Kc6 50. Ba4 Be6 51. Kd4 Kb6 52. Nd6 Kc7 53. Ke5 Bd7 54.
Bd1 Kd8 55. Be2 Kc7 56. Nb5+ Bxb5 57. Bxb5 Kd8 58. h4 Ke7 59. Bc4 Ne8 60. Be2
Nf6 61. b5 e3 62. Kxf5 Nd5 63. Ke4 Kd6 64. Bf1 Ke6 65. f5+ Kd6 66. Kd4 Ne7 67.
Ke4 Nd5 68. Bd3 Nc3+ 69. Kf3 Nd5 70. Bc4 Nf6 71. Kxe3 Kc5 72. Be2 Nd5+ 73. Ke4
Nc3+ 74. Ke5 1-0

[Event "FIDE World Cup"]
[Site "Khanty-Mansiysk"]
[Date "2005.12.02"]
[Round "2.7"]
[White "Tiviakov, Sergei"]
[Black "Korneev, Oleg"]
[Result "1-0"]
[WhiteElo "2700"]
[BlackElo "2601"]
[Annotator "CB"]
[PlyCount "57"]
[EventDate "2005.11.27"]
[EventType "k.o."]
[EventRounds "7"]
[EventCountry "RUS"]
[SourceTitle "CBM 111"]
[Source "ChessBase"]
[SourceDate "2006.04.04"]
[SourceVersion "1"]
[SourceVersionDate "2006.04.04"]
[SourceQuality "1"]

1. e4 e5 2. Nf3 Nc6 3. Bb5 Bc5 4. c3 Nf6 5. d3 O-O 6. Bg5 d6 7. Nbd2 a6 8. Ba4
Ba7 9. Nf1 Ne7 10. Bxf6 gxf6 11. Ng3 Ng6 12. Qd2 Kh8 13. O-O-O Nf4 14. Rdg1 b5
15. Bd1 c5 16. Ne2 Nxe2+ 17. Bxe2 f5 18. exf5 Bxf5 19. g4 Be6 20. Ng5 c4 21.
Bf3 Rc8 22. Be4 d5 23. Bxh7 Bxf2 24. Bf5 Qb6 $2 (24... Bxf5 25. gxf5 Bxg1 26.
Rxg1 Qf6) 25. Rg3 $1 Kg7 26. Nxe6+ fxe6 27. Qg5+ Kf7 28. Bg6+ Kg7 29. Be8+ (29.
Be8+ Kh7 30. Rh3+ Bh4 31. Rxh4#) 1-0

[Event "Corus"]
[Site "Wijk aan Zee"]
[Date "2006.01.29"]
[Round "13"]
[White "Kamsky, Gata"]
[Black "Tiviakov, Sergei"]
[Result "0-1"]
[WhiteElo "2686"]
[BlackElo "2669"]
[Annotator "Tiviakov,S"]
[PlyCount "86"]
[EventDate "2006.01.14"]
[EventType "tourn"]
[EventRounds "13"]
[EventCountry "NED"]
[EventCategory "19"]
[SourceTitle "CBM 111"]
[Source "ChessBase"]
[SourceDate "2006.04.04"]
[SourceVersion "1"]
[SourceVersionDate "2006.04.04"]
[SourceQuality "1"]

{Having played rather well during the whole tournament nevertheless I couldn't
win any game despite all the rich possibilities I had (winning positions
against Mamedyarov and Karjakin and large advantage against Adams, van Wely,
Sokolov, Topalov, Aronian, Anand). Going into the last round I was just hoping
to finish the tournament adequately according to my play there...} 1. e4 {
Preparing against Kamsky it was impossible to guess which move he would choose.
1.e4 is equally frequently played as the other moves. During the preparation I
had to be ready for the everything...} d5 {Lot of has been written on Internet
about my choice of the 'dubious' Scandinavian Defence in the tournament of the
highest level possible. But the reputation of the Scandinavian Defence is much
worse than the positions arising in it. What else can be worse than the
positions arising in the Dragon where Black can lose by force?! Also the
Scandinavian Defence is mostly played by the weak players, that's why the
statistics doesn't favour Black, but it doesn't reflect the actual way of life
here. And in Wijk aan Zee (the same as in all previous tournaments)
Scandinavian served me well, both Anand and Kamsy were not able to get out of
the opening even with the equal chances! And at my latest tournament - blitz
tournament in Dordrecht on 11/02/2006 - it served well as well, I was
equalising without any problem in all games played.} 2. exd5 {Strangely enough
my choice of the Scandinavian came as a full surprise for Gata. He sank into
thinking for almost half an hour before making this move. Quite strange, I
think.} Qxd5 3. Nc3 Qd6 4. d4 Nf6 5. Bc4 {Anand played 5.Nf3, but there is no
much theory here. White can make any normal move.} a6 {5...c6 is a worthy
alternative. But sometimes the square c6 can be used for the development of
the knight.} 6. Nf3 Bg4 $5 {Not the only good move in the position but since
Kamsky was not ready theoretically I wanted to provoke him playing
aggressively by h2-h3 and g2-g4, trying to win this game.} 7. h3 Bh5 8. g4 {
White has to play this move otherwise it is not easy to get rid of the pin.}
Bg6 9. Ne5 {Here 9.Be3, followed by Qd2, 0-0-0, deserved serious attention.
After the text Black develops his knight a tempo.} Nc6 10. Nxg6 {10.Bf4 Ne5,
followed by Qc6 is bad for White.} hxg6 11. Be3 $6 {After this move White
starts experiencing problems. The correct 11.g5 first should have been played,
and only then after 12.Be3. The knight f6 is not only driven from an excellent
place f6, but the pawn g4 is not hanging anymore.} e5 12. d5 $146 {Only this
is new, but White position is already worse.} Na5 {Probably, this move has
been missed by Gata. The knight stands bad on a5, but with the concrete play
Black wins a pawn.} 13. Qe2 $5 (13. Be2 O-O-O 14. Qd2 Nxd5 15. O-O-O {should
have been preferred when White has some compensation for the pawn.}) 13... Nxc4
{The simpliest.} (13... Qb4 $6 14. Bb3 Qxg4 15. hxg4 Rxh1+ 16. Kd2 Rxa1 {
leads to unnecessary complications.}) 14. Qxc4 b5 {White can't defend both
pawns d5 and g4 simultaneously.} 15. Qd3 (15. Qc6+ Qxc6 16. dxc6 Nxg4 $17) (15.
Qe2 b4 16. Nb1 Qxd5 $19) 15... Nxg4 16. O-O-O Nf6 (16... Nxe3 $5 17. fxe3 ({or
} 17. Qxe3 Be7) 17... f5 $17 {was also possible, with advantage for Black.})
17. f4 $1 {A very strong move, underestimated by me. White sacrifices the 2nd
pawn for the initiative. Otherwise Black would play Bf8-e7 and finish his
development easily.} exf4 $6 ({Fritz 9 gives} 17... O-O-O $17 {as the best
move with a large advantage for Black, but during the game I was afraid to
make this move.}) 18. Ne4 Nxe4 19. Qxe4+ Be7 (19... Kd7 $6 20. Bxf4 Rh4 21.
Rhf1 {unfortunately doesn't work for Black} ({Black wins after} 21. Rd4 $2 Qf6
$1)) 20. Bd4 $6 ({After} 20. Bxf4 Rh4 21. Bxd6 Rxe4 22. Bxc7 Kd7 {Black is
clearly better in the ending, but White should have gone for this line, since
Black has no material advantage anymore, at least. I was surprised than
without much thinking Kamsky made 20.Bd4.}) 20... f5 21. Qf3 O-O-O {Black has
to castle queen's side. His king is not safe anymore, White gets counterplay.}
22. Bxg7 $6 ({After} 22. Rhe1 Bh4 (22... Qxd5 23. Qxd5 Rxd5 24. Rxe7 Rhd8 25.
Rxg7 Rxd4 26. Rxd4 Rxd4 27. Rxg6 {is not clear, White keeps drawing chances in
an ending}) 23. Be5 Qd7 24. Re2 g5 {Black keeps his material advantage.}) 22...
Rhg8 23. Bc3 b4 24. Be1 g5 $2 {A serious mistake which costs Black several
tempi. After the correct 24...Rge8! followed by Bf6, Re4, Black should win
without much problems.} 25. Qd3 $1 {I missed this move. Now Black has to spend
some time to protect the pawn on f5 and develop the bishop to f6 and rook to
e4, worsening the position of king c8 (put it on b7).} Rgf8 26. Bf2 Kb7 27.
Rhe1 Bf6 28. Qf3 $2 {After this mistake (Gata was already in time-trouble)
Black is again on the winning track.} ({But even after the strongest} 28. Qc4
Rfe8 29. Bc5 Qd7 {followed by Qb5 Black should eventually win because of the
extra passed pawns on the king's side.}) 28... Rfe8 29. Rf1 ({Missed by Gata
was that} 29. Re6 Rxe6 30. dxe6+ Qc6 {loses}) 29... Re4 {The rest should be an
easy win for Black, since both of the players didn't have enough time until
the time controle, there were mistakes, which eventually didn't change the
correct outcome of this game.} 30. Kb1 Qe5 (30... g4 $1 31. hxg4 Qe5 32. Qb3
fxg4 {is an easy win for Black.}) 31. Qb3 a5 32. c3 Qd6 33. a3 Ra8 $5 {Black
has so many possibilities, that it is not so easy to choose from.} 34. axb4
axb4 35. Rfe1 Rae8 (35... Kc8 36. c4 Qa6 {wins easily.}) 36. c4 Rxe1 $5 {
Here I saw a nice trap for White and decided to go for this line. Other moves
were possible.} 37. Bxe1 (37. Rxe1 Rxe1+ 38. Bxe1 Qb6 {is hopeless for White})
37... Re2 38. Bxb4 $2 {Loses by force.} (38. Bd2 {was better}) 38... Qb6 39. c5
Qb5 40. c6+ Kb8 $1 {The point of the trap! 40...Kc8 draws, but the text wins
easily.} (40... Kc8 $2 41. d6 $3 cxd6 42. Qg8+ $11) 41. d6 Rxb2+ 42. Qxb2 Bxb2
43. d7 {Now it is without check, Black can play Bf6.} Bf6 {This win allowed me
to finish on a respectable 50% result, well, it should have been at least '+2.}
0-1